00681nam a2200205Ia 4500003000900000008004100009020003000050020003100080040001600111100002100127245003200148260005700180300002000237650005200257650003000309650002500339650001200364700002600376856007300402IN-BaIIA211028s9999 xx s 000 0 eng d a978-3-642-34632-3 (Print) a978-3-642-34633-0 (Online) cIIA Library aGutzow, Ivan S.  4aThe Vitreous Stateh[eBook] aHeidelberg, BerlinbSpringer Berlin Heidelbergc2013 aOnline resource a Ceramics, Glass, Composites, Natural Materials a Condensed Matter Physics a Inorganic Chemistry aPhysics aSchmelzer, Jurn W.P.  uhttp://doi.org/10.1007/978-3-642-34633-0yClick Here to Access eBook